Statystyki dla 5 największych imperiów w historii

Kliknij tutaj aby rozwiązać quiz!

Ogólne statystyki

  • Ten quiz został rozwiązany 72 razy
  • Średni wynik to 4 z 5

Statystyki odpowiedzi

Odpowiedź% Poprawnych
ZSRR
91%
Brytyjskie imperium kolonialne
79%
Rosyjskie imperium kolonialne
76%
Wielki Ułus Mongołów
76%
Hiszpańskie imperium kolonialne
74%

Rozkład punktacji

Percentyl według liczby udzielonych odpowiedzi

Procent ludzi z każdym wynikiem

Twoja historia wyników

Nie rozwiązałeś tego quizu